Catálogo
 En Linea

Código de comercio de la República Dominicana. / (Registro nro. 51412)

Detalles MARC
000 -CABECERA
campo de control de longitud fija 01356nam a2200337 i 4500
003 - IDENTIFICADOR DEL NÚMERO DE CONTROL
campo de control DO-SdBNP
005 - FECHA Y HORA DE LA ÚLTIMA TRANSACCIÓN
campo de control 20240403153235.0
007 - CAMPO FIJO DE DESCRIPCIÓN FÍSICA--INFORMACIÓN GENERAL
campo de control de longitud fija ta
008 - DATOS DE LONGITUD FIJA--INFORMACIÓN GENERAL
campo de control de longitud fija 220210e1901 dr ||||frg||| 001 0 spa d
040 ## - FUENTE DE LA CATALOGACIÓN
Centro catalogador/agencia de origen DO-SdBNP
Lengua de catalogación spa
Centro/agencia transcriptor BNPHU
082 #4 - NÚMERO DE LA CLASIFICACIÓN DECIMAL DEWEY
Número de edición 22
Número de clasificación 346.070972.93
Número de documento/Ítem R426c 1901
110 1# - ENTRADA PRINCIPAL--NOMBRE DE ENTIDAD CORPORATIVA
Código de función/relación República Dominicana
Término indicativo de función/relación autor
245 10 - MENCIÓN DE TÍTULO
Título Código de comercio de la República Dominicana. /
250 ## - MENCIÓN DE EDICIÓN
Mención de edición 2da. edición oficial.
264 ## - PRODUCCIÓN, PUBLICACIÓN, DISTRIBUCIÓN, FABRICACIÓN Y COPYRIGHT
Producción, publicación, distribución, fabricación y copyright Santo Domingo :
Nombre del de productor, editor, distribuidor, fabricante La Cuna de América,
Fecha de producción, publicación, distribución, fabricación o copyright 1901
300 ## - DESCRIPCIÓN FÍSICA
Extensión 119 páginas completadas ;
Dimensiones 26 cm.
336 ## - TIPO DE CONTENIDO
Fuente rdacontent
Término de tipo de contenido texto
Código de tipo de contenido txt
337 ## - TIPO DE MEDIO
Fuente rdamedia
Nombre/término del tipo de medio sin mediación
Código del tipo de medio n
338 ## - TIPO DE SOPORTE
Fuente rdacarrier
Nombre/término del tipo de soporte volumen
Código del tipo de soporte nc
505 ## - NOTA DE CONTENIDO CON FORMATO
Nota de contenido con formato Revolución del Poder Ejecutivo, ordenando se haga una segunda edición oficial de los Códigos.
505 ## - NOTA DE CONTENIDO CON FORMATO
Nota de contenido con formato Derecho del Congreso Nacional, sancionando y dando como Ley de la Nación el presente Código.
505 ## - NOTA DE CONTENIDO CON FORMATO
Nota de contenido con formato Libro Primero.
Título Del comercio en general.--
505 ## - NOTA DE CONTENIDO CON FORMATO
Nota de contenido con formato Libro segundo
Título Del comercio marítimo.--
505 ## - NOTA DE CONTENIDO CON FORMATO
Nota de contenido con formato Libro Tercero.
Título De las quiebras y bancarrotas.
505 ## - NOTA DE CONTENIDO CON FORMATO
Nota de contenido con formato Libro cuarto,
Título De la Jurisdicción comercial.
534 ## - NOTA SOBRE LA VERSIÓN ORIGINAL
Descripción física, etc. del original Ejemplar impreso a dos columnnas.
590 ## - NOTA LOCAL (RLIN)
Nota local Inventariado 2024 / MF
650 #4 - PUNTO DE ACCESO ADICIONAL DE MATERIA--TÉRMINO DE MATERIA
9 (RLIN) 14449
Término de materia o nombre geográfico como elemento de entrada Derecho Comercial
Subdivisión cronológica 1901
Subdivisión geográfica República Dominicana
650 #0 - PUNTO DE ACCESO ADICIONAL DE MATERIA--TÉRMINO DE MATERIA
9 (RLIN) 24833
Término de materia o nombre geográfico como elemento de entrada Derecho
Subdivisión cronológica Siglo XIX
Subdivisión geográfica República Dominicana
942 ## - ELEMENTOS DE PUNTO DE ACCESO ADICIONAL (KOHA)
Fuente del sistema de clasificación o colocación Dewey Decimal Classification
Tipo de ítem Koha Libro
Existencias
Estado de retiro Estado de pérdida Fuente del sistema de clasificación o colocación Restricciones de uso No para préstamo Código de colección Localización permanente Ubicación/localización actual Ubicación en estantería Fecha de adquisición Fuente de adquisición Total de préstamos Signatura topográfica completa Código de barras Fecha visto por última vez Precio válido a partir de Tipo de ítem Koha
    Dewey Decimal Classification Excluido de préstamo   Patrimonio Dominicano Raros y Valiosos Biblioteca Nacional Pedro Henríquez Ureña Biblioteca Nacional Pedro Henríquez Ureña Depósito 03.01.1971 Donado por julio Ortega Frier   346.07097293 R426c 2022-0748 10.02.2022 10.02.2022 Libro

Con tecnología Koha